Befejeződött a matematikusok nemzetközi kollokviuma

Elmentve itt :
Bibliográfiai részletek
Dokumentumtípus: Cikk
Megjelent: 1977-09-03
Sorozat:Délmagyarország 67 No. 207
Online Access:http://dmarchiv.bibl.u-szeged.hu/89501
LEADER 00393nab a2200133 i 4500
001 delm89501
005 20190617111926.0
008 190528s1977 hu o 0|| hun d
040 |a SZTE Délmagyarország Archívum  |b hun 
041 |a hun 
245 0 0 |a Befejeződött a matematikusok nemzetközi kollokviuma  |h [elektronikus dokumentum] 
260 |c 1977-09-03 
300 |a 5 
490 0 |a Délmagyarország  |v 67 No. 207